000
00332pam a2200157a 44500
008
230515b1901 xxu||||| |||| 00| 0 eng d
020
_a
0
041
_a
ENGLISH
082
_a
0 D.V
100
_a
D.V.BODAS
245
_a
SANKLIT DRAVYAGUN SHASTRA
250
_a
0
260
_a
NULL
_b
N.D.
_c
1901
300
_a
0
650
_a
N.D.
999
_c
488267
_d
488267